000 004160000a22001810004500
003 MACL
005 20151017134609.0
008 151017b xxu||||| |||| 00| 0 eng d
040 _aMACL
_cMACL
041 _aEnglish
082 _a920/PAL
100 _aPalit, Chittabrata
_9480
245 _aThe Enquirer
260 _bPenman
_c2008
_aKolkata
350 _a400
650 _aBiography
_915686
942 _cBK
_k920
_2ddc
999 _c8595
_d8595